[Event "Guernsey Holiday op"]
[Site "Guernsey"]
[Date "2008.10.22"]
[Round "4"]
[White "Herschmann, Heinz"]
[Black "Bennett, DW."]
[Result "1/2-1/2"]
[WhiteElo "1320"]
[BlackElo "1136"]
[PlyCount "56"]
[EventDate "2008.10.19"]
[EventType "swiss"]
[EventRounds "7"]
[EventCountry "GCI"]
[SourceTitle "EXT 2011"]
[Source "ChessBase"]
[SourceDate "2010.11.26"]
[SourceVersion "1"]
[SourceVersionDate "2010.11.26"]
[SourceQuality "1"]

1. e4 e6 2. d4 c5 3. Be3 Nf6 4. dxc5 Nxe4 5. Bd3 Nxc5 6. Nc3 d5 7. Nf3 Be7 8. 0-0 0-0 9. a3 Nc6 10. Bxc5 Bxc5 11. Be2 Qf6 12. Rb1 a5 13. Na2 b6 14. c3 Bb7 15. Nc1 Rad8 16. Nb3 Qe7 17. Nxc5 Qxc5 18. Nd4 Ne5 19. Nf3 Ng6 20. Qd4 Qxd4 21. Nxd4 Nf4 22. g3 Nxe2+ 23. Nxe2 Ba6 24. Rfe1 e5 25. Rbd1 Bc4 26. Nc1 f6 27. Rd2 Rf7 28. Red1 Rfd7 1/2-1/2

[Event "Guernsey Holiday op 33rd"]
[Site "Guernsey"]
[Date "2007.10.27"]
[Round "7"]
[White "Cox, John"]
[Black "Bennett, DW."]
[Result "1-0"]
[WhiteElo "1460"]
[BlackElo "1112"]
[PlyCount "53"]
[EventDate "2007.10.21"]
[EventType "swiss"]
[EventRounds "7"]
[EventCountry "GCI"]
[SourceTitle "EXT 2022"]
[Source "ChessBase"]
[SourceDate "2021.10.06"]
[SourceVersion "1"]
[SourceVersionDate "2021.10.06"]
[SourceQuality "1"]

1. e4 e6 2. d4 c5 3. dxc5 Bxc5 4. Nc3 Qb6 5. Qe2 Nc6 6. Nf3 Nd4 7. Nxd4 Bxd4 8. Nb5 Bc5 9. Be3 Bxe3 10. Qxe3 Qc6 11. 0-0-0 Nf6 12. Nd6+ Ke7 13. f3 h6 14. Qa3 b6 15. Nxc8+ Kd8 16. Nd6 Kc7 17. Nxf7 Rhf8 18. Nd6 a6 19. Rd3 a5 20. Rc3 Qxc3 21. Qxc3+ Kxd6 22. e5+ Ke7 23. exf6+ Rxf6 24. Bb5 Rf5 25. Qxg7+ Kd6 26. Qxd7+ Kc5 27. Qc6+ 1-0

[Event "Guernsey Holiday op 33rd"]
[Site "Guernsey"]
[Date "2007.10.24"]
[Round "4"]
[White "Foster, James M"]
[Black "Bennett, DW."]
[Result "1-0"]
[WhiteElo "1432"]
[BlackElo "1112"]
[PlyCount "69"]
[EventDate "2007.10.21"]
[EventType "swiss"]
[EventRounds "7"]
[EventCountry "GCI"]
[SourceTitle "EXT 2022"]
[Source "ChessBase"]
[SourceDate "2021.10.06"]
[SourceVersion "1"]
[SourceVersionDate "2021.10.06"]
[SourceQuality "1"]

1. e4 e6 2. d4 c5 3. Nf3 cxd4 4. Nxd4 Qb6 5. c4 Bc5 6. Be3 Qxb2 7. Nb3 Bxe3 8. fxe3 Qe5 9. N1d2 Nf6 10. Bd3 0-0 11. c5 Nc6 12. Nc4 Qc3+ 13. Ke2 Qb4 14. a3 Qa4 15. Nb2 Qxb3 16. Qxb3 Na5 17. Qc2 e5 18. Qc3 Nc6 19. Nc4 b6 20. Nxe5 Bb7 21. cxb6 axb6 22. Nc4 b5 23. Nd6 Ba6 24. e5 Nd5 25. Qb2 Nc7 26. Rhb1 Rfb8 27. Qc2 g6 28. Ne4 Ne6 29. Qc3 Ra7 30. Nf6+ Kg7 31. Nxd7 Rc8 32. Nc5 Nxc5 33. e6+ f6 34. Qxc5 Ne7 35. Qxa7 1-0